000 00793nam a2200265Ia 4500
001 Z_1390
003 CHAP
008 220113s1982 xx 000 0 und d
010 _a164479
040 _cCHAP
090 _aTesis C 407
100 _aCampos González, Víctor Manuel
_918105
245 _aAborto en bovinos: un estudio bacteriológo y micológico en 250 fetos abortados /
_cpor Víctor Manuel Campos González
260 _aMéxico, D.F. :
_bEl autor,
_c1982
300 _a27 h
502 _aTesis (Médico Veterinario Zootecnista) -- UNAM. Facultad de Medicina Veterinaria y Zootecnia
650 _aAborto
_9283
650 _aGanado vacuno
_xReproducción
_945510
901 _aTESIS C 407
902 _aM
910 _a1982
942 _c2
942 _c2
999 _c164479
_d164479